Životní prostředí České republiky. Ročenka. 1990 /

Uloženo v:
Podrobná bibliografie
Hlavní autor: Beneš, Jaroslav
Médium: Kniha
Jazyk:čeština
Vydáno: Praha : Práce, 1991
Vydání:1. vyd.
Témata:
ISBN:8090001319
On-line přístup: Získat plný text
Tagy: Přidat tag
Žádné tagy, Buďte první, kdo vytvoří štítek k tomuto záznamu!

MARC

LEADER 00000nam a2200000 4500
003 SK-BrCVT
005 20220617150623.0
008 920714s1991 cs e ||||||cze d
020 |a 8090001319 
035 |a CVTIDW0900248 
040 |b slo  |a CVTI SR 
041 0 |a cze 
044 |a cs 
080 |a 504(437.1/.2)(058)"1990"  |2 2008 
100 1 |a Beneš, Jaroslav 
245 1 0 |a Životní prostředí České republiky. Ročenka. 1990 /  |c Autoři: Jaroslav Beneš a kol. 
250 |a 1. vyd. 
260 |a Praha :  |b Práce,  |c 1991 
300 |a 328 s. :  |b grafy, obr., tab. ; 
651 7 |a Česko  |2 CVTISR 
653 1 |a životné prostredie  |a osídlenie  |a výroba  |a spotreba  |a odpad  |a ekologická katastrofa 
655 7 |a ročenky  |2 SNKPH 
692 |a BA SK JM MM 
910 |b A530690 
919 |a 80-900013-1-9 
974 |f Knihy 
992 |a ARO 
999 |c 44310  |d 44310